Thủ thuật sử dụng máy tính /
Đã lưu trong:
| Hovedforfatter: | |
|---|---|
| Format: | Sách giấy |
| Udgivet: |
Tp. HCM :
Giao thông vận tải,
2006
|
| Tags: |
Tilføj Tag
Ingen Tags, Vær først til at tagge denne postø!
|
| Thư viện lưu trữ: | Thư viện Trường Đại học Đà Lạt |
|---|
| LEADER | 00627nam a2200277 4500 | ||
|---|---|---|---|
| 001 | DLU060052385 | ||
| 005 | ##20060418 | ||
| 040 | # | # | |a DLU |b vie |
| 044 | # | # | |a vn |
| 082 | # | # | |a 005 |b NG-C |
| 100 | # | # | |a Nguyễn Thành Công |
| 245 | # | # | |a Thủ thuật sử dụng máy tính / |c Nguyễn Thành Công |
| 260 | # | # | |a Tp. HCM : |b Giao thông vận tải, |c 2006 |
| 300 | # | # | |a 26tr.; |c 26cm. |
| 992 | # | # | |a 7500 |
| 994 | # | # | |a DLU |
| 900 | # | # | |a True |
| 911 | # | # | |a Nguyễn Xuân Phương |
| 925 | # | # | |a G |
| 926 | # | # | |a A |
| 927 | # | # | |a SH |
| 980 | # | # | |a Thư viện Trường Đại học Đà Lạt |